000 00329nam a2200133Ia 4500
005 20251222144821.0
008 251222s9999||||xx |||||||||||||| ||spa||
020 _a84-7080-973-3
082 _a323.44/G26
100 _aGarrigues Walker, Joaquín
245 0 _aQué es el liberalismo?
264 _bLa Gaya Ciencia
942 _cLIB
999 _c20497
_d20497